[Event "Aragon-chT Preferente Gr I"]
[Site "Aragon"]
[Date "2022.02.19"]
[Round "4.45"]
[White "Malo Guillen, Jose Luis"]
[Black "Molina Pastor, Francisco"]
[Result "1-0"]
[WhiteElo "2118"]
[BlackElo "1999"]
[PlyCount "65"]
[EventDate "2022.01.29"]
[EventType "team-tourn"]
[EventRounds "9"]
[EventCountry "ESP"]
[SourceTitle "EXT 2024"]
[Source "ChessBase"]
[SourceDate "2023.10.10"]
[SourceVersion "1"]
[SourceVersionDate "2023.10.10"]
[SourceQuality "1"]
[WhiteTeam "Las Fuentes"]
[BlackTeam "Delicias II"]
[WhiteTeamCountry "ESP"]
[BlackTeamCountry "ESP"]

1. d4 g6 2. c4 Bg7 3. Nf3 Nf6 4. g3 d6 5. Bg2 0-0 6. 0-0 Nbd7 7. Nc3 e5 8. e4 Re8 9. Re1 exd4 10. Nxd4 Ne5 11. b3 Bg4 12. f3 Bd7 13. Be3 a6 14. Rc1 h6 15. Qd2 Kh7 16. Rf1 Qe7 17. Nde2 Rac8 18. g4 Ng8 19. h3 f5 20. g5 hxg5 21. Bxg5 Qf8 22. h4 Nh6 23. Ng3 Nef7 24. Nd5 Nxg5 25. hxg5 Ng8 26. Qf4 Ne7 27. Qh4+ Kg8 28. Nf6+ Bxf6 29. gxf6 Nc6 30. exf5 Bxf5 31. Nxf5 gxf5 32. f4 Re6 33. Bd5 1-0

[Event "Aragon-chT Preferente"]
[Site "Aragon"]
[Date "2021.03.20"]
[Round "2.41"]
[White "Molina Pastor, Francisco"]
[Black "Quintero Rodriguez, John"]
[Result "0-1"]
[WhiteElo "2024"]
[BlackElo "1760"]
[PlyCount "50"]
[EventDate "2021.03.13"]
[EventType "team-tourn"]
[EventRounds "9"]
[EventCountry "ESP"]
[SourceTitle "EXT 2024"]
[Source "ChessBase"]
[SourceDate "2023.10.10"]
[SourceVersion "1"]
[SourceVersionDate "2023.10.10"]
[SourceQuality "1"]
[WhiteTeam "Delicias II"]
[BlackTeam "Palacio de Pioneros III"]
[WhiteTeamCountry "ESP"]
[BlackTeamCountry "ESP"]

1. Nf3 d5 2. d4 Nf6 3. e3 Bf5 4. Be2 e6 5. b3 Bd6 6. Bb2 0-0 7. Nbd2 Nbd7 8. 0-0 c6 9. c4 h6 10. Ne5 Rc8 11. f4 Ne4 12. g4 Nxd2 13. Qxd2 Be4 14. Qe1 Be7 15. Qg3 Bh4 16. Qh3 Nxe5 17. dxe5 g5 18. f5 Qa5 19. Rf2 dxc4 20. bxc4 Qb4 21. Bf3 Bxf2+ 22. Kxf2 Qxb2+ 23. Be2 Qxa1 24. Qxh6 Bxf5 25. gxf5 Qxe5 0-1

[Event "Aragon op"]
[Site "Aragon"]
[Date "2002.??.??"]
[Round "6"]
[White "Anglada Lobarte, Jose Andres"]
[Black "Molina Pastor, Francisco"]
[Result "1-0"]
[WhiteElo "2231"]
[BlackElo "2105"]
[PlyCount "53"]
[EventDate "2002.??.??"]
[EventType "swiss"]
[EventRounds "9"]
[EventCountry "ESP"]
[SourceTitle "EXT 2007"]
[Source "ChessBase"]
[SourceDate "2006.11.23"]
[SourceVersion "1"]
[SourceVersionDate "2006.11.23"]
[SourceQuality "1"]

1. e4 g6 2. d4 Bg7 3. Nc3 d6 4. Be3 a6 5. a4 b6 6. Bc4 Nf6 7. f3 Nbd7 8. Qd2 c5 9. Nge2 h5 10. Rd1 Bb7 11. 0-0 h4 12. dxc5 bxc5 13. Nf4 Ne5 14. Be2 Rb8 15. Nfd5 h3 16. Nxf6+ Bxf6 17. g3 Qc8 18. b3 Bg7 19. Nd5 f6 20. f4 Ng4 21. Nxe7 Qe6 22. Bxg4 Qxe4 23. Nd5 Bxd5 24. Qxd5 Qxe3+ 25. Kh1 Kf8 26. Qxd6+ Kf7 27. Rfe1 1-0

[Event "Ibercaja op 11th"]
[Site "Zaragoza"]
[Date "1999.??.??"]
[Round "2"]
[White "Molina Pastor, Francisco"]
[Black "Kolev, Atanas"]
[Result "0-1"]
[WhiteElo "2040"]
[BlackElo "2540"]
[PlyCount "80"]
[EventDate "1999.04.??"]
[EventType "swiss"]
[EventRounds "9"]
[EventCountry "ESP"]
[SourceTitle "EXT 2000"]
[Source "ChessBase"]
[SourceDate "1999.11.16"]
[SourceVersion "1"]
[SourceVersionDate "1999.11.16"]
[SourceQuality "1"]

1. d4 Nf6 2. Nf3 e6 3. g3 c5 4. Bg2 Nc6 5. 0-0 cxd4 6. Nxd4 Qb6 7. Nb3 d5 8. a4 h6 9. Na3 Be7 10. c4 0-0 11. cxd5 exd5 12. Nb5 a6 13. Be3 Qd8 14. Nc3 Be6 15. a5 Bb4 16. Bb6 Qe7 17. Na4 Rfe8 18. Nac5 Bg4 19. f3 Bf5 20. Nd3 Bd6 21. Re1 Nb4 22. Bf2 Rac8 23. Nd4 Bg6 24. Qd2 Nc6 25. Bh3 Nxd4 26. Bxd4 Rc4 27. e3 Qc7 28. Bc3 Bxd3 29. Qxd3 Be5 30. Bxe5 Rxe5 31. Bf1 Qc5 32. Qb3 Rc2 33. Bd3 Rd2 34. Bf1 Re7 35. Qc3 Qxc3 36. bxc3 Rc2 37. Ra3 Nd7 38. Bd3 Rd2 39. c4 Ne5 40. Be2 dxc4 0-1